Joseph and the amazing technicolor dreamcoat. (Record no. 116176)
[ view plain ]
| 000 -LEADER | |
|---|---|
| fixed length control field | 00706nam a2200181 a 4500 |
| 005 - DATE AND TIME OF LATEST TRANSACTION | |
| control field | 20140513081047.0 |
| 008 - FIXED-LENGTH DATA ELEMENTS--GENERAL INFORMATION | |
| fixed length control field | 020924s19uu xx 00 eng d |
| 020 ## - INTERNATIONAL STANDARD BOOK NUMBER | |
| International Standard Book Number | CJ001228001 |
| 050 ## - LIBRARY OF CONGRESS CALL NUMBER | |
| Classification number | VCD |
| Item number | Jo83 1999 |
| 245 ## - TITLE STATEMENT | |
| Title | Joseph and the amazing technicolor dreamcoat. |
| 260 ## - PUBLICATION, DISTRIBUTION, ETC. (IMPRINT) | |
| Place of publication, distribution, etc | Cubao, Quezon City : |
| Name of publisher, distributor, etc | Magnavision Home Video, |
| Date of publication, distribution, etc | 1999. |
| 300 ## - PHYSICAL DESCRIPTION | |
| Extent | 1:16 mins approx. |
| 500 ## - GENERAL NOTE | |
| General note | Motion picture |
| 520 ## - SUMMARY, ETC. | |
| Summary, etc | A lively and colourful journey through Ancient Egypt, Joseph and the amazing technicolor dreamcoat follows the rags to riches story of Joseph, his eleven brothers and the coat of many colours. |
| 650 ## - SUBJECT ADDED ENTRY--TOPICAL TERM | |
| Topical term or geographic name as entry element | Ancient Egypt-historical. |
| 650 ## - SUBJECT ADDED ENTRY--TOPICAL TERM | |
| Topical term or geographic name as entry element | Joseph-prince of Egypt. |
| Withdrawn status | Lost status | Damaged status | Use restrictions | Home library | Current library | Shelving location | Date acquired | Source of acquisition | Cost, normal purchase price | Total Checkouts | Full call number | Barcode | Date last seen | Price effective from | Koha item type |
|---|---|---|---|---|---|---|---|---|---|---|---|---|---|---|---|
| Elizalde Library | Elizalde Library | Audio Visual Material Section | 09/24/2002 | 150.00 | VCD Jo83 1999 | E133 | 05/13/2014 | 05/13/2014 | Audio Visual Materials |